Werder Bremen Kader - 2005/2006 - Statistiken

Allgemein
  • Dieses Quiz wurde 23 mal gespielt
  • Das Durchschnittsergebnis liegt bei 18 aus 28
Antwortstatistiken
Position Spieler % Korrekt
TW Tim Wiese
100%
ANG Ivan Klasnic
95%
ANG Miroslav Klose
95%
MIT Tim Borowski
95%
MIT Johan Micoud
90%
MIT Torsten Frings
90%
TW Andreas Reinke
86%
VER Naldo
76%
ANG Nelson Valdez
76%
VER Petri Pasanen
76%
VER Christian Schulz
71%
MIT Frank Baumann
71%
VER Frank Fahrenhorst
71%
MIT Aaron Hunt
67%
MIT Jurica Vranjes
67%
MIT Daniel Jensen
62%
TW Kasper Jensen
62%
VER Patrick Owomoyela
62%
MIT Ümit Davala
62%
ANG Mohamed Zidan
57%
TW Christian Vander
48%
VER Francis Banecki
29%
VER Jelle Van Damme
29%
MIT Leon Andreasen
29%
MIT Pekka Lagerblom
29%
ANG Marco Stier
24%
VER Jerome Polenz
19%
VER Benjamin Venekamp
14%
Keine übereinstimmenden Quizze gefunden
Verteilung der Resultate
Anzahl Personen mit jedem Resultat
Perzentil nach korrekt beantworteten Fragen
Ihre Resultats-Entwicklung
Sie haben dieses Quiz noch nicht gespielt